00491nam a2200145Ia 4500008004100000041000800041082001200049100001800061245004500079260004500124300003000169365001100199999001700210952011800227240624s9999 xx 000 0 und d aeng a954 SIN aSINGH UPINDER aRETHINKING EARLY MEDIEVAL INDIA A READER c2011aNew DelhibOxford University press avi, : 354 : p. : cm. ; 23 cRSb32 c19107d19107 00104070aIMTNbIMTNcRack 41-Bd2012-05-16eAPg750.00o954 SINp19107r2024-06-24 00:00:00t1w2024-06-24yBK